Responses for show #424 - Thursday, April 24, 1986

Contestants

Warren Harshbarger, an actor and a movie reviewer from Portland, Oregon

Janet Manley McNeil, an educator from San Diego, California

Pam Wells, a legal secretary from Detroit, Michigan (whose 1-day cash winnings total $599)

Jeopardy! Round responses

WW II AVIATION
BROTHERS GRIMM
OCEANS
11-LETTER WORDS
EASY LISTENING
"HALL"s
    $100 26
[The end-of-the-round signal sounds.]

kamikaze

Janet
    $100 3
rabbit or hare

Janet
    $100 14
Tahiti

Pam
    $100 1
an anniversary

Pam
    $100 10
Johnny Mathis

Pam
    $100 12
(Janet: You deck them. What do you what is deck them?)

deck the halls

PamJanet
    $200 4
the Grandmother

Warren
    $200 22
(Janet: What's the Gulf of Aqaba?)
(Warren: What is the Gulf of Tonkin?)

Persian Gulf

JanetWarren
Triple Stumper
    $200 2
oscillating

Janet
    $200 18
101

Warren
    $200 13
(Alex: Yes, baseball, football and cowboy hall of fame.)

hall of fame

Janet
    $300 5
Cinderella

Janet
    $300 23
tsunami

Janet
    $600 8
(Alex: Oh! I wanted you to wait. I wanted to listen to [*].)
[Laughter]
(Pam: I'm from Detroit; I can't wait when you talk about Motown.)
...
[The song was reprised going into the break after begging by Alex to hear more.]

The Temptations

Pam
    $300 19
"I'd Like To Teach The World To Sing"

Pam
    $300 15
Halls of Montezuma

Janet
    $400 6
Snow White

Janet
    $400 24
South Pacific

Triple Stumper
    $400 9
(Pam: What is melodious?)

mellifluous

PamJanet
    $400 20
(Warren: Who is Don Ho?)
...
(Alex: We've got a minute to go.)

Lawrence Welk

JanetWarren
    $400 16
Hall of Mirrors

Janet
    $500 7
shoes

Pam
    $500 25
the deeps

Triple Stumper
    $500 11
(Warren: What are sedimentary and cretaceous?)

sedimentary & metamorphic

Warren
Triple Stumper
    $500 21
Mantovani

Janet
    $500 17
Jerry Hall

Warren

Scores at the first commercial break (after clue 11):

Pam Janet Warren
$900 $1,400 -$300

Scores at the end of the Jeopardy! Round:

Pam Janet Warren
$1,400 $3,300 -$200

Double Jeopardy! Round responses

JOURNALISM
WORLD CAPITALS
ASTRONAUTS
MOVIES
REAL ESTATE
ACIDS
    $200 6
advertising

Warren
    $200 8
Vienna

Pam
    $200 21
Senator John Glenn

Triple Stumper
    $200 1
The Jungle Book

Janet
    $200 15
a deed

Warren
    $200 10
aspirin

Pam
    $400 7
(Warren: What is The Washington Post?)

The New York Times

JanetWarren
    $400 9
(Pam: What is Delhi?)
(Warren: What is Bombay?)

Calcutta

PamWarren
Triple Stumper
    $400 22
(Janet: What's the LEM?)

the Eagle

JanetWarren
    $400 2
Charles Bronson

Warren
    $400 16
condominiums

Pam
    $400 11
soda (soda water)

Warren
    $600 12
Sweden

Triple Stumper
    $800 17
Brasilia

Pam
    $600 23
Slinky

Janet
    $600 3
[ERRATUM: The clue's wording does not have ending quotation marks.]

The Fortune Cookie

Warren
    $600 26
squatter's rights

Janet
    $600 19
(Pam: What is gastric acid?)

hydrochloric acid

PamJanet
    $800 13
(Warren: [After Alex corrects his pronunciation] You scared me.)
(Alex: I was corrected on that pronunciation some months ago; that's why it stuck with me.)

Gannett

Warren
    $800 18
(Janet: What is Georgia?)

Ukraine

Janet
Triple Stumper
    $800 24
Gordon Cooper

Warren
    $600 4
Picnic

Warren
    $800 27
eminent domain

Janet
    $1000 14
(Janet: Damon Runyon?)

Ring Lardner

JanetWarren
    $1000 20
(Janet: What is Guatemala?)
...
(Alex: We've got about a minute to go in the round.)

[ERRATUM: Tegucigalpa was misspelled in the clue.]

Honduras

Janet
Triple Stumper
    $1000 25
Gus Grissom

Warren
    $1000 5
Red Dawn

Warren
    $1000 28
[The end-of-the-round signal sounds.]

joint tenancy

Triple Stumper

Scores at the end of the Double Jeopardy! Round:

Pam Janet Warren
$2,000 $3,300 $6,400

[wagering suggestions for these scores]

Final Jeopardy! Round responses

THE AMERICAS
PamWhat is Panama?
$0
JanetWhat is Costa Rica?
$1,300
WarrenWhat is Brazil?
$205
Panama

Final scores:

Pam Janet Warren
$2,000 $2,000 $6,195
3rd place: Panasonic am/fm stereo cassette car radio & Jetzon tires 2nd place: trip to Palm Springs & stay at Royce Resort Hotel New champion: $6,195

Game dynamics:

Coryat scores:

Pam Janet Warren
$1,500 $3,300 $6,600
11 R
(including 2 DDs),
3 W
18 R,
6 W
15 R
(including 1 DD),
5 W

Combined Coryat: $11,400

The J! Archive is created by fans, for fans. The Jeopardy! game show and all elements thereof, including but not limited to copyright and trademark thereto, are the property of Jeopardy Productions, Inc. and are protected under law. This website is not affiliated with, sponsored by, or operated by Jeopardy Productions, Inc. Join the discussion at JBoard.tv.